000 02019nam a2200241Ii 4500
008 221202s xx 000 0 und d
100 1 _aKoulu, Riikka,
_eauthor
245 0 _aEvidence in Civil Law - Finland
264 _bInstitute for Local Self-Government and Public Procurement Maribor
_c2015
300 _a1 online resource (46 pages)
336 _atext
_btxt
_2rdacontent
337 _acomputer
_bc
_2rdamedia
338 _aonline resource
_bcr
_2rdacarrier
490 _aLaw & Society
520 _aFinnish civil procedure has a close connection with other Scandinavian legal systems and co-operation between the States is active. In addition, the legislation, case-law and scholarly doctrine are more and more influenced by European co-operation through the EU and Council of Europe. The principles of free disposition, free assessment of evidence, audiatur altera pars, and burden of proof form the basis for an oral and direct public hearing. It follows from these due process principles that no methods of proof are forbidden but their relevance depends on the court’s assessment. The procedural doctrine in Finland is well established and has roots in the Swedish code of civil procedure of 1734, although it has gone through extensive reforms. On February 10, 2015 the Parliament of Finland passed the reform of chapter 17 of code of civil procedure, which contains the legislation on law of evidence. The extensive reform systematically updates and streamlines the previous legislation on evidence in addition to introducing new regulation e.g. on anonymous witnesses and banning invocation of evidence, which has been obtained by illegal means. The reform of chapter 17 concludes the systematic reform.
653 _aAccess To Justice
653 _aCivil Procedure
653 _aDue Process
653 _aFair Trial
653 _aFree Assessment
856 _uhttps://library.oapen.org/bitstream/20.500.12657/31983/1/620453.pdfhttp://library.oapen.org/handle/20.500.12657/31983
942 _cE-BOOK
999 _c62380
_d62380